• 首页
  • 本馆介绍
  • 公告通知
  • 最新文献
  • 馆藏检索
  • 电子资源
  • 读者导购
  • 参考咨询
  • 我的图书馆
  • 登录
  • 详细信息显示
  • 放入我的书架
  • 预约/预借图书
  • 作者相关作品
  • 分类相关作品
  • 丛书相关作品
  • 出版社相关作品

书目信息

  • 表格格式
  • 工作单格式
  • 卡片格式
题名:
盗墓史记
    
 
作者: 倪方六 著
分册:  
出版信息: 北京   中国工人出版社  2008
页数: 285页
开本: 24cm
丛书名:
单 册:
中图分类: D691.98
科图分类:
主题词: 盗窃--陵墓--中国--史料
电子资源:
ISBN: 978-7-5008-4019-0
000 00752nam0 2200217 450
001 1574597539
005 20150118204344.04
010    @a978-7-5008-4019-0@dCNY29.80
100    @a20080407d2008 em y0chiy50 ea
101 0  @achi
102    @aCN@b110000
105    @aa z 000yy
200 1  @a盗墓史记@9dao mu shi ji@f倪方六著
210    @a北京@c中国工人出版社@d2008
215    @a285页@c图,照片@d24cm
330    @a本书集合了从中国古代到现代几千年内发生的稀奇古怪的盗墓现象,分为盗墓利器与“鬼吹灯”之谜、盗墓者发大财的九大阴招、盗墓史上的十二大盗墓狂人、盗墓史上的“死人复生”现象等18篇。
606 0  @a盗窃@x陵墓@y中国@j史料
690    @aD691.98@v5
701  0 @a倪方六@9ni fang liu@4著
801  0 @aCN@bTSSF@c20150118
905    @aZUCC@dD691.98@eJY79
    
    盗墓史记/倪方六著.-北京:中国工人出版社,2008
    285页:图,照片;24cm
    
    
    ISBN 978-7-5008-4019-0:CNY29.80
    本书集合了从中国古代到现代几千年内发生的稀奇古怪的盗墓现象,分为盗墓利器与“鬼吹灯”之谜、盗墓者发大财的九大阴招、盗墓史上的十二大盗墓狂人、盗墓史上的“死人复生”现象等18篇。
●
相关链接 在E读中查询图书 在五车中查询图书 在当当中查询图书 在豆瓣中查询图书


正题名:盗墓史记     索取号:D691.98/JY79         预约/预借

序号 登录号 条形码 馆藏地/架位号 状态 备注
1 7849282   278492828   学院路分馆/ [索取号:D691.98/JY79] 在馆    
唐山师范学院图书馆 欢迎您!
大连网信软件有限公司© 版权所有